tropical food crops in their environment / (Record no. 9245)
[ view plain ]
| 000 -LEADER | |
|---|---|
| fixed length control field | 01156nac a22002891u 4500 |
| 010 ## - LIBRARY OF CONGRESS CONTROL NUMBER | |
| LC control number | 94031156 |
| 020 ## - INTERNATIONAL STANDARD BOOK NUMBER | |
| International Standard Book Number | 0521586895 (Low price pbk.) |
| 020 ## - INTERNATIONAL STANDARD BOOK NUMBER | |
| International Standard Book Number | 0521586895 (Low price pbk.) |
| 082 00 - DEWEY DECIMAL CLASSIFICATION NUMBER | |
| Classification number | 630.2 |
| Item number | NOR |
| 090 ## - LOCALLY ASSIGNED LC-TYPE CALL NUMBER (OCLC); LOCAL CALL NUMBER (OCLC) | |
| -- | 9245 |
| -- | 9245 |
| 100 ## - MAIN ENTRY--PERSONAL NAME | |
| Personal name | Norman, M. J. T. |
| 245 14 - TITLE STATEMENT | |
| Title | tropical food crops in their environment / |
| Statement of responsibility, etc | M.J.T. Norman, C.J. Pearson & P.G.E. Searle. |
| 250 ## - EDITION STATEMENT | |
| Edition statement | 2nd ed. |
| 260 ## - PUBLICATION, DISTRIBUTION, ETC. (IMPRINT) | |
| Place of publication, distribution, etc | Cambridge ; |
| -- | New York : |
| Name of publisher, distributor, etc | Cambridge University Press,1995 |
| Date of publication, distribution, etc | 1995. |
| 300 ## - PHYSICAL DESCRIPTION | |
| Extent | x, 430 p. : |
| Other physical details | ill., maps ; |
| Dimensions | 24 cm. |
| 500 ## - GENERAL NOTE | |
| General note | distributer: Al-ahram |
| 504 ## - BIBLIOGRAPHY, ETC. NOTE | |
| Bibliography, etc | Includes bibliographical references (p. [336]-412) and index. |
| 511 ## - PARTICIPANT OR PERFORMER NOTE | |
| Participant or performer note | catalogued by: wessam |
| 650 #0 - SUBJECT ADDED ENTRY--TOPICAL TERM | |
| Topical term or geographic name as entry element | Food crops |
| General subdivision | Ecology |
| Geographic subdivision | Tropics. |
| 650 #0 - SUBJECT ADDED ENTRY--TOPICAL TERM | |
| Topical term or geographic name as entry element | Tropical crops |
| General subdivision | Ecology. |
| 700 1# - ADDED ENTRY--PERSONAL NAME | |
| Personal name | Pearson, C. J. |
| 700 1# - ADDED ENTRY--PERSONAL NAME | |
| Personal name | Searle, P. G. E. |
| 856 42 - ELECTRONIC LOCATION AND ACCESS | |
| Materials specified | Publisher description |
| Uniform Resource Identifier | <a href="http://www.loc.gov/catdir/description/cam026/94031156.html">http://www.loc.gov/catdir/description/cam026/94031156.html</a> |
| 856 42 - ELECTRONIC LOCATION AND ACCESS | |
| Materials specified | Table of contents only |
| Uniform Resource Identifier | <a href="http://www.loc.gov/catdir/enhancements/fy0806/94031156-t.html">http://www.loc.gov/catdir/enhancements/fy0806/94031156-t.html</a> |
| 942 ## - ADDED ENTRY ELEMENTS (KOHA) | |
| Item type | Book - Borrowing |
| Call number prefix | 630.2NOR |
| Withdrawn status | Item status | Damaged status | Not for loan | Home library | Current library | Shelving location | Date acquired | Source of acquisition | Total Checkouts | Full call number | Barcode | Date last seen | Koha item type |
|---|---|---|---|---|---|---|---|---|---|---|---|---|---|
| Central Library | Central Library | First floor | 22/04/2008 | Purchase | 630.2NOR | 000011318 | 15/07/2025 | Book - Borrowing | |||||
| Central Library | Central Library | First floor | 22/04/2008 | Purchase | 630.2NOR | 000011068 | 15/07/2025 | Book - Borrowing |